Fundamentals of computer graphics (Record no. 10448)

000 -LEADER
fixed length control field 00510 a2200169 4500
020 ## - INTERNATIONAL STANDARD BOOK NUMBER
International Standard Book Number 9781568814698
020 ## - INTERNATIONAL STANDARD BOOK NUMBER
International Standard Book Number 1568814690
040 ## - CATALOGING SOURCE
Original cataloging agency DLC
Language of cataloging DLC
100 1# - MAIN ENTRY--PERSONAL NAME
Personal name Shirley, P.
245 10 - TITLE STATEMENT
Title Fundamentals of computer graphics
Statement of responsibility, etc. Peter Shirley, Steve Marschner, Michael Ashikhmin
250 ## - EDITION STATEMENT
Edition statement 3rd ed.
260 ## - PUBLICATION, DISTRIBUTION, ETC.
Place of publication, distribution, etc. Natick, Mass. :
Name of publisher, distributor, etc. A K Peters,
Date of publication, distribution, etc. c2009.
300 ## - PHYSICAL DESCRIPTION
Extent xiii, 752 p. :
Other physical details ill. ;
Dimensions 25 cm.
650 #0 - SUBJECT ADDED ENTRY--TOPICAL TERM
Topical term or geographic name entry element Computer graphics.
700 1# - ADDED ENTRY--PERSONAL NAME
Personal name Marschner, Stephen Robert,
Dates associated with a name 1971-
942 ## - ADDED ENTRY ELEMENTS (KOHA)
Koha item type Book
Call number prefix 006.6 SHI
Source of classification or shelving scheme
Holdings
Withdrawn status Lost status Damaged status Not for loan Collection code Permanent Location Current Location Shelving location Date acquired Source of acquisition Cost, normal purchase price Total Checkouts Full call number Barcode Date last seen Price effective from Koha item type Date last checked out Total Renewals
          Central Library (CL) Central Library (CL) First Floor - Machine Learning/Computer Graphics 03/17/2011 Eagle Information Marketing 9082.75   006.6 SHI SEECS010515 11/14/2012 01/05/2017 Book    
          Central Library (CL) Central Library (CL) First Floor - Machine Learning/Computer Graphics 03/17/2011 Eagle Information Marketing 9082.75 1 006.6 SHI SEECS010514 06/02/2015 01/05/2017 Book 01/17/2015  
          Central Library (CL) Central Library (CL) First Floor - Machine Learning/Computer Graphics 03/17/2011 Eagle Information Marketing 9082.75 2 006.6 SHI SEECS010512 04/15/2025 01/05/2017 Book 02/04/2025  
          Central Library (CL) Central Library (CL) First Floor - Machine Learning/Computer Graphics 03/17/2011 Eagle Information Marketing 9082.75   006.6 SHI SEECS010513 06/11/2022 01/05/2017 Book   1
© 2023 Central Library, National University of Sciences and Technology. All Rights Reserved.